Varsinais-Suomen kunnat - Statistics

Yleistilastot
  • Tätä visaa on pelattu 152 kertaa
  • Keskiarvotulos 20 / 27
Vastaustilastot
Kuntamuoto Nimi % Oikein
maakunnan pääkaupunki Turku
99%
kaupunki Naantali
87%
kaupunki Raisio
87%
kaupunki Salo
87%
kunta Aura
86%
kaupunki Kaarina
86%
kaupunki Parainen
80%
kaupunki Uusikaupunki
79%
kunta Masku
77%
kaupunki Loimaa
76%
kaupunki Laitila
74%
kunta Lieto
73%
kunta Kemiönsaari
71%
kunta Koski Tl
71%
kunta Mynämäki
71%
kunta Vehmaa
71%
kunta Kustavi
70%
kaupunki Paimio
70%
kunta Sauvo
70%
kaupunki Somero
70%
kunta Nousiainen
64%
kunta Taivassalo
64%
kunta Marttila
63%
kunta Oripää
61%
kunta Rusko
61%
kunta Pöytyä
59%
kunta Pyhäranta
56%
Ehtoja vastaavia visoja ei löytynyt
Tulosjakauma
Jokaisen tuloksen saaneiden osuus
Persentiili vastausten määrän mukaan
Tuloshistoriasi
Et ole pelannut tätä visaa